Villes du Canada - Mort subite - Statistiques

Statistiques générales
  • Ce quiz a été pris 22 180 fois
    21 687 depuis la dernière actualisation
  • Le résultat moyen est 6 sur 20
Answers on the Grid
Answers color-coded by a green-red scale on the quiz's grid according to % correct below.
Toronto
London
Portland
Edmonton
Plymouth
Montréal
Montpelier
Bâton-Rouge
Trois-Rivières
Iqaluit
Minneapolis
Calgary
Vancouver
Alençon
La Flèche
Nuuk
Mississauga
Détroit
Duluth
Winnipeg
Laval
Rochefort
Brampton
Providence
Niagara Falls
Milwaukee
Longueuil
Surrey
Seattle
Québec
Windsor
Whitehorse
Halifax
Victoria
Montmorency
Yellowstone
 
Statistiques - réponses
Réponse % Correct
Québec
66%
Montréal
65%
Toronto
65%
Vancouver
60%
Calgary
41%
Trois-Rivières
41%
Laval
37%
Winnipeg
35%
Edmonton
33%
Halifax
28%
Niagara Falls
26%
Victoria
24%
Iqaluit
15%
London
15%
Longueuil
14%
Mississauga
13%
Whitehorse
13%
Windsor
13%
Brampton
7%
Surrey
6%
Aucun quiz correspondant
Distribution des résultats
% des personnes avec chaque résultat
Percentile par nombre de réponses
Votre historique - résultats
Vous n’avez pas pris ce quiz depuis la dernière actualisation